000 00997nam a22003017a 4500
003 CHAP
005 20220329142217.0
008 000218d mx r 00010 spa d
010 _a79966
011 _a80938
035 _a91395
040 _cCHAP
090 _aFolleto 15478
100 0 0 _aCantarell Lara, Edel Arturo.
_918453
245 1 0 _aQuímica :
_bmanual de laboratorio
_c/por Edel Arturo Cantarell Lara
260 _a(Chapingo, Méx.) :
_bUACH. Departamento de Preparatorio Agrícola,
_c19-?
300 _a75 p.
590 _aBATCH-UPD
_b10
_c20130110
_lUCH01
_h1625
590 _aBATCH-UPD
_b10
_c20130410
_lUCH01
_h1019
590 _aBATCH-UPD
_b10
_c20130914
_lUCH01
_h1950
590 _aCONVERSION
_b10
_c20130109
_lUCH01
_h1344
650 1 4 _aQuímica
_xManuales de laboratorio.
_993567
901 _aBK
905 _aAlejandra Carrasco M.
942 _cFOLL
949 _aFolleto 15478
_bBC
_cFOLL
_d913951
_eTS1
_i91395
_sb
949 _aFolleto 15478
_bBC
_cFOLL
_d913952
_eTS2
_fc.2
_i91395
_st
999 _c79966
_d79966